000 00582cam a22002053a 4500
001 43993
003 PGUSA
005 20140828084013.0
008 131022s2013||||xxu|||||s|||||000 | eng d
040 _aPGUSA
_beng
042 _adc
100 1 _aHavell, H. L.
_q(Herbert Lord),
_d-1913
245 1 0 _aStories from the Iliad
_h[electronic resource] /
_cH. L. Havell
260 _bProject Gutenberg,
_c2013
506 _aPublic domain in the USA.
516 _aElectronic text
830 0 _aProject Gutenberg
_v43993
856 4 0 _uhttp://www.gutenberg.org/ebooks/43993
942 _cEB
999 _c273244
_d273244